Statistics for Kerbal Space Program

Click here to take the quiz!

General Stats

  • This quiz has been taken 198 times
    (179 since last reset)
  • The average score is 16 of 21

Answer Stats

HintAnswer% Correct
MoonMun
97%
PlanetKerbin
96%
Original Three (astronauts)Jebediah Kerman
89%
PlanetDuna
86%
MoonMinmus
85%
Original Three (astronauts)Bob Kerman
84%
PlanetJool
84%
PlanetEve
81%
Original Three (astronauts)Bill Kerman
79%
New team member (in 1.0)Valentina Kerman
74%
Sun (unofficial)Kerbol
72%
MoonLaythe
70%
PlanetEeloo
69%
PlanetMoho
69%
PlanetDres
65%
MoonIke
65%
MoonBop
61%
MoonGilly
61%
MoonTylo
59%
MoonPol
57%
MoonVall
49%

Score Distribution

Percentile by Number Answered

Percent of People with Each Score

Your Score History

You have not taken this quiz since the last reset